UDL Thesis Publication | 2023 | curating the best graduate thesis projects globally (Record no. 12595)
[ view plain ]
| 000 -LEADER | |
|---|---|
| fixed length control field | 00402 a2200145 4500 |
| 003 - CONTROL NUMBER IDENTIFIER | |
| control field | OSt |
| 005 - DATE AND TIME OF LATEST TRANSACTION | |
| control field | 20260410132845.0 |
| 008 - FIXED-LENGTH DATA ELEMENTS--GENERAL INFORMATION | |
| fixed length control field | 240323b ||||| |||| 00| 0 eng d |
| 020 ## - INTERNATIONAL STANDARD BOOK NUMBER | |
| International Standard Book Number | 978-93-6128-048-1 |
| 100 ## - MAIN ENTRY--PERSONAL NAME | |
| Personal name | Urban Design Lab. |
| 245 ## - TITLE STATEMENT | |
| Title | UDL Thesis Publication | 2023 |
| -- | curating the best graduate thesis projects globally |
| 260 ## - PUBLICATION, DISTRIBUTION, ETC. (IMPRINT) | |
| Name of publisher, distributor, etc | Urban Design Lab. |
| Date of publication, distribution, etc | 2023 |
| 300 ## - PHYSICAL DESCRIPTION | |
| Extent | 256p; |
| 942 ## - ADDED ENTRY ELEMENTS (KOHA) | |
| Source of classification or shelving scheme | |
| Withdrawn status | Lost status | Source of classification or shelving scheme | Damaged status | Not for loan | Permanent location | Current location | Date acquired | Source of acquisition | Cost, normal purchase price | Total Checkouts | Barcode | Date last seen | Date last borrowed | Cost, replacement price | Price effective from | Koha item type |
|---|---|---|---|---|---|---|---|---|---|---|---|---|---|---|---|---|
| BMS College of Architecture, Design and Planning | BMS College of Architecture, Design and Planning | 2024-03-25 | 18 | 3728.70 | 2 | AR-UG3712 | 2024-09-19 | 2024-09-19 | 4143.00 | 2024-03-25 | UG Books | |||||
| BMS College of Architecture, Design and Planning | BMS College of Architecture, Design and Planning | 2024-03-25 | 18 | 3728.70 | AR-UG3713 | 2024-04-17 | 4143.00 | 2024-03-25 | UG Books | |||||||
| BMS College of Architecture, Design and Planning | BMS College of Architecture, Design and Planning | 2024-03-25 | 18 | 3728.70 | AR-UG3714 | 2024-03-25 | 4143.00 | 2024-03-25 | UG Books |